<?xml version="1.0" encoding="UTF-8"?>
<record
    xmlns:xsi="http://www.w3.org/2001/XMLSchema-instance"
    xsi:schemaLocation="http://www.loc.gov/MARC21/slim http://www.loc.gov/standards/marcxml/schema/MARC21slim.xsd"
    xmlns="http://www.loc.gov/MARC21/slim">

  <leader>02463nab a2200265uuc4500</leader>
  <controlfield tag="001">1286356</controlfield>
  <controlfield tag="005">20240404090704.0</controlfield>
  <controlfield tag="008">120608e20111201                    eng  </controlfield>
  <datafield tag="035" ind1=" " ind2=" ">
    <subfield code="a">1286356</subfield>
  </datafield>
  <datafield tag="035" ind1=" " ind2=" ">
    <subfield code="a">(OCoLC)820645752</subfield>
  </datafield>
  <datafield tag="040" ind1=" " ind2=" ">
    <subfield code="c">comduadb</subfield>
  </datafield>
  <datafield tag="041" ind1=" " ind2=" ">
    <subfield code="a">eng</subfield>
  </datafield>
  <datafield tag="100" ind1="1" ind2="0">
    <subfield code="a">Correa Tapasco, Ever</subfield>
    <subfield code="4">aut</subfield>
    <subfield code="e">aut</subfield>
    <subfield code="9">643191</subfield>
  </datafield>
  <datafield tag="245" ind1="1" ind2="0">
    <subfield code="a">Hybrid approach for an optimal adjustement of a knowledge-based regression technique for locating faults in power distribution systems</subfield>
  </datafield>
  <datafield tag="520" ind1="3" ind2=" ">
    <subfield code="a">Este art&#xED;culo est&#xE1; orientado al desarrollo de un m&#xE9;todo h&#xED;brido que combina una t&#xE9;cnica de regresi&#xF3;n como las m&#xE1;quinas de soporte vectorial y una t&#xE9;cnica de optimizaci&#xF3;n como el algoritmo gen&#xE9;tico de Chu-Beasley, para resolver el problema de localizaci&#xF3;n de fallas. La estrategia propuesta consiste en la utilizaci&#xF3;n del algoritmo gen&#xE9;tico para la selecci&#xF3;n adecuada de los mejores par&#xE1;metros de configuraci&#xF3;n de la m&#xE1;quina de soporte vectorial. Como resultado de la aplicaci&#xF3;n de esta estrategia se obtiene una herramienta adecuada para relacionar un conjunto de entradas con una &#xFA;nica salida en una tarea cl&#xE1;sica de regresi&#xF3;n, la cual es utilizada para determinar la distancia a la falla en sistemas de distribuci&#xF3;n, a partir de las medidas de tensi&#xF3;n y de corriente en un terminal de la l&#xED;nea. La estrategia propuesta se prueba preliminarmente utilizando dos funciones sencillas en &#xC2;1 y &#xC2;2, donde los resultados son altamente satisfactorios. Luego, se realiza la selecci&#xF3;n de los par&#xE1;metros adecuados de calibraci&#xF3;n de la SVM y como resultados para cuatro diferentes localizadores propuestos, se obtiene un error promedio en validaci&#xF3;n cruzada de 5,75 %. Estos resultados muestran el desempe&#xF1;o adecuado de la metodolog&#xED;a propuesta, la cual combina las m&#xE1;quinas de soporte vectorial con el algoritmo gen&#xE9;tico, en un potente localizador de fallas aplicado a los sistemas de distribuci&#xF3;n de energ&#xED;a el&#xE9;ctrica.</subfield>
  </datafield>
  <datafield tag="650" ind1=" " ind2="7">
    <subfield code="a">Algoritmos gen&#xE9;ticos</subfield>
    <subfield code="2">lemb</subfield>
    <subfield code="9">51515</subfield>
  </datafield>
  <datafield tag="650" ind1=" " ind2=" ">
    <subfield code="a">Localizaci&#xF3;n de fallas (Ingenier&#xED;a)</subfield>
    <subfield code="9">35676</subfield>
  </datafield>
  <datafield tag="650" ind1=" " ind2=" ">
    <subfield code="a">M&#xE1;quinas de soporte vectorial</subfield>
    <subfield code="9">129239</subfield>
  </datafield>
  <datafield tag="650" ind1=" " ind2=" ">
    <subfield code="a">Regresiones (Estad&#xED;stica)</subfield>
    <subfield code="9">107403</subfield>
  </datafield>
  <datafield tag="650" ind1=" " ind2=" ">
    <subfield code="a">Sistemas de distribuci&#xF3;n el&#xE9;ctrica</subfield>
    <subfield code="9">178432</subfield>
  </datafield>
  <datafield tag="700" ind1="1" ind2="0">
    <subfield code="a">Mora Fl&#xF3;rez, Juan Jos&#xE9;</subfield>
    <subfield code="4">aut</subfield>
    <subfield code="e">aut</subfield>
    <subfield code="9">360791</subfield>
  </datafield>
  <datafield tag="700" ind1="1" ind2="0">
    <subfield code="a">P&#xE9;rez Londo&#xF1;o, Sandra Milena</subfield>
    <subfield code="4">aut</subfield>
    <subfield code="e">aut</subfield>
    <subfield code="9">336356</subfield>
  </datafield>
  <datafield tag="773" ind1="0" ind2=" ">
    <subfield code="t">DYNA (Medell&#xED;n)</subfield>
    <subfield code="g">Volumen 078, N&#xFA;mero 170, Diciembre 2011, 31-41</subfield>
    <subfield code="w">188384</subfield>
    <subfield code="x">0012-7353</subfield>
    <subfield code="0">82258</subfield>
  </datafield>
  <datafield tag="942" ind1=" " ind2=" ">
    <subfield code="c">ARIMP</subfield>
  </datafield>
  <datafield tag="999" ind1=" " ind2=" ">
    <subfield code="c">619155</subfield>
    <subfield code="d">619155</subfield>
  </datafield>
</record>
